000 00439nam a22001817a 4500
003 OSt
005 20210906151816.0
008 210906b |||||||| |||| 00| 0 eng d
020 _a078720403X
040 _cHU
050 _a547/SNE
082 _a547/SNE
100 _aSENDEN
_qALBERT T. SNEDEN
_91831
245 _aORGANIC CHEMISTRY LABORTORY MANUAL
260 _aUNITED STEATES
_bKENDALL
_c1995
300 _a189
942 _2ddc
_cBOOKS
_n0
999 _c2211
_d2211